000 00574nam a2200169 i 4500
001 149248
003 ES-MaACL
005 20230906203019.0
007 t|
008 071019s1960 sp ||||1| spa d
100 1 _aVelo y Nieto, Gervasio.
_9113861
245 1 3 _aEl Arco de la Estrella (Cáceres, siglo XVIII) /
_cGervasio Velo y Nieto.
260 _aCáceres :
_bObra Cultural de la Caja de Ahorros y Monte de Piedad de Cáceres,
_c1960.
300 _a97 p.. 3 h. de lám. ;
_c22 cm.
650 1 4 _aMonumentos-
_zCáceres.
_915178
852 _aES-MaACL
_jC-19919
_bR.47848
999 _c149248
_d149248